000 00681nam a2200217Ia 4500
003 OSt
005 20220923221702.0
006 a|||||r|||| 00| 0
007 ta
008 220922b |||||||| |||| 00| 0 hin d
024 _a199,302
037 _cTextual
040 _aARTS
_cARTS
_bhin
041 _2hin
_ahin
082 _aQ, 152J3
100 _aवर्मा, सांवलिया बिहारीलाल
_9160384
245 0 _aविश्व धर्म दर्श्रन
246 _aVishva dharma darshrana
942 _hQ, 152J3
_cTEXL
_2CC
999 _c351077
_d351077